000 00797nam a2200217 a 4500
001 82637
003 BD-RjUL
005 20240116120456.0
008 240116s2003 bg ||||| |||| 00| 0 ben d
020 _a9848158243
035 _a(BD-RjUL)82637
040 _aBD-RjUL
_beng
_cBD-RjUL
041 _aeng
082 _223
_a352.14095492
_bSTH 2003
245 _aস্থানীয় সরকার এবং সাংবাদিকতা /
_cসম্পাদনায় নাঈমুল ইসলাম খান
300 _a১২৭ পৃ.;
_c২২ সেমি.
650 _aস্থানীয় সরকার
_zবাংলাদেশ
_910865
650 _aLocal government
_zBangladesh
700 _aখান, নাঈমুল ইসলাম
_910866
942 _2ddc
_cBK
999 _c82637
_d82637